01311 a2200217 45000010003000000050017000030080041000200030015000610400040000760800073001162450051001890200022002402500012002622640042002743000022003165050564003380410008009021000025009107000021009358560137009562420260407155403.0260407a2003 arg spa dAR-UNSa-BCEJYS aAR-UNSa-BCEJYSbspacAR-UNSa-BCEJYS a510xConsideraciones fundamentales y generales de las matemáticas 10aMatematicas para administración y economía a978-970-26-0383-2 a10a. ed 1aMéxico :bPearson Educaciónc2003 axv, 846 p.c27 cm a0. Repaso de álgebra - 1. Ecuaciones - 2. Aplicaciones de ecuaciones y desigualdades - 3. Funciones y gráficas - 4. Rectas, parábolas y sistemas de ecuaciones - 5. Funciones exponencial y logarítmica - 6. Algebra de matrices - 7. Programación lineal - 8. Matemáticas financieras - 9. Límites y continuidad - 10. Diferenciación - 11. Temas adicionales de diferenciación - 12. Trazado de curvas - 13. Aplicaciones de la diferenciación - 14. Integración - 15. Métodos y aplicaciones de la integración - 16. Cálculo de varias variables aspa1 aHaeussler, Ernest F.1 aPaul, Richard S.41uhttps://biblioeco.unsa.edu.ar/pmb/images/libros/Matem?ticas para administraci?n y econom?a-l86941.jpgyImagen de portadaqimage/jpeg